000 00185nam a22000977a 4500
003 SGT
245 _aPHYSIOTHERAPY
260 _bELSEVIERS AMSTEST
_c2009
300 _a328
942 _2ddc
_cBV
999 _c19557
_d19557